Statistics for Italian Foods

Click here to take the quiz!

General Stats

  • This quiz has been taken 54,642 times
  • The average score is 11 of 20

Answer Stats

DescriptionAnswer% Correct
Flat bread with tomato sauce and cheesePizza
98%
Espresso with milk and steamed foamCapuccino
83%
Sheets of pasta layered between
sauce and fillings
Lasagne
81%
Like ^ but folded over into a half-moonCalzone
74%
Sauce made of basil,
garlic, pine nuts, and olive oil
Pesto
74%
Italian style of ice creamGelato
73%
Creamy rice dishRisotto
65%
Dessert made with ladyfingers
whose name means "pick me up"
Tiramisu
63%
Grilled bread, rubbed with garlic,
and topped with tomatoes
Bruschetta
61%
Sweet lemon liqueurLimoncello
57%
Uncooked, thinly sliced hamProsciutto
57%
Twice-baked almond cookies,
often dunked in coffee
Biscotti
46%
"Navel-shaped" stuffed pastaTortellini
46%
Type of cream cheese used in ^Mascarpone
44%
Sparkling white wine of VenetoProsecco
36%
Cornmeal porridgePolenta
29%
Egg dish similar to a crustless quicheFrittata
27%
Brandy distilled from winemaking leftoversGrappa
25%
Cured pork bellyPancetta
25%
Generic toasted bread with toppingsCrostino
16%

Score Distribution

Percentile by Number Answered

Percent of People with Each Score

Your Score History

You have not taken this quiz